00260 a2200109 450000500170000002000180001708400130003510000170004824500370006526000380010230000100014020260318153348.0 a9789383101399 2CCa G91 aNEELAM TYAGI aHandbook of general microbiology bAgrotech press,c2025,aNew Delhi a254p.